| 000 | 00430nam a2200193Ia 4500 | ||
|---|---|---|---|
| 003 | 0100 | ||
| 008 | 130303s9999 xx 000 0 und d | ||
| 040 | _cARRUPELIB | ||
| 050 | _aPZ4.C754B6 1995 | ||
| 100 | _aConroy, Frank | ||
| 245 | _aBody and soul | ||
| 260 | _aBoston | ||
| 260 | _bHoughton Mifflin | ||
| 260 | _C1995 | ||
| 300 | _a450p. | ||
| 300 | _b 24cm. | ||
| 650 | _bEthics--Early works to 1800 | ||
| 942 | 0 | 0 | _01 |
| 999 |
_c13950 _d13950 |
||